01076 2200289 4500001002100000005001500021035002000036007000300056008004100059020002200100082000800122084001700130100003700147245012900184250003500313300003100348650003500379520017300414264005400587336002100641337003000662338002300692700002500715990001500740990001500755990001600770INLIS00000000116587420251015090553 a0010-1025000068ta251015 g 0 ind  a978-623-359-529-2 a307 aSR 307 YOY m0 aYoyok Wahyu Subroto, T.epenulis1 aModal sosial dalam masyarakat kampung perkotaaan dalam tinjauan budaya Jawa /cT. Yoyok Wahyu Subroto ; penyunting, Andayani aCetakan pertama : Oktober 2024 axxii, 146 Halaman ;c23 cm 4aOrang Jawa -- Kehidupan sosial aDiskursus modal sosial dalam masyarakat kampung perkotaan dalam tinjauan budaya Jawa telah memberikan inspirasi tentang kekayaan sosial yang dimiliki masyarakat kampung aYogyakarta :bGadjah Mada University Press,c2024 2rdacontentateks 2rdamediaatanpa perantara 2rdacarrieravolume0 aAndayaniepenyunting a5166.66986 a5166.66986 a56166.66986